| 000 | 02221nam a2200433 c 4500 | ||
|---|---|---|---|
| 003 | BLK | ||
| 005 | 20240510115651.0 | ||
| 008 | 180408b bul|||||r ||||||| ||bul|| | ||
| 010 | _aKNG00084470000 | ||
| 020 |
_a978-954-320-177-8 _bиздат.: Рива |
||
| 040 | _aBLK | ||
| 041 |
_aBUL _cBUL |
||
| 080 |
_aРуска литература _b821.161.1 _x(092) _z821.161.1(092) |
||
| 080 |
_aРуски и съветски поет _b929 Есенин, Сергей Александрович _x _z929 Есенин, Сергей Александрович |
||
| 100 | 1 |
_aКуняев, Станислав Ю. _eпърви автор _9299441 |
|
| 700 | 1 |
_aКуняев, Сергей С. _eсъавт. _9299442 |
|
| 700 | 1 |
_aПанчева, Светлана _eпрев. от рус. _9371270 |
|
| 700 | 1 |
_aЧешмеджиева, Гюлчин _eпрев. от рус. _9370691 |
|
| 139 |
_aКуняев, Станислав Ю. и др. _bЕ 86 |
||
| 245 | 1 | 0 |
_aСергей Есенин _cСтанислав Ю. Куняев; съавт. Сергей С. Куняев; прев. от рус. Светлана Панчева; прев. от рус. Гюлчин Чешмеджиева. |
| 257 | _aRUS | ||
| 260 |
_аСофия _bРива _c2008 _fВ. Търново |
||
| 300 |
_a664 с. _bсъс сн. _c21 см |
||
| 380 | _a82 | ||
| 490 | 1 | _aЖивотът на бележити личности | |
| 500 | _aОриг. загл. Сергей Есенин / Станислав Куняев, Сергей Куняев. - Други прев.: И. Николов, А. Сугарев. - Съдържа и Основни дати в живота и творчеството на Сергей Есенин. - Библиогр. с. 661-663. | ||
| 504 | _a661-663 | ||
| 600 | 1 | 4 |
_aЕсенин, Сергей Александрович _967611 |
| 650 | 4 |
_aРуска литература _9249426 |
|
| 650 | 4 |
_aПоети, руски _9245652 |
|
| 653 | _aруска литература | ||
| 653 | _aСергей Есенин | ||
| 852 | _aЦб 240541 | ||
| 856 | 4 |
_qpdf _u |
|
| 856 | 4 |
_qpdf _u |
|
| 942 |
_cKNG _n0 _02 |
||
| 944 |
_aCR _c15.07.2008 _k30576 _lЦветомила Тодорова |
||
| 944 |
_aED _c02.11.2010 _k |
||
| 999 |
_c79986 _d79986 |
||